banner-ar

الطب والخدمات الطبية فى الاندلس : (Record no. 8318)

MARC details
000 -الفاتح
حقل البيانات ثابتة الطول 00814nam a2200193Ia 4500
008 - عناصر البيانات ثابتة الطول - معلومات عامة
حقل البيانات ثابتة الطول 140319s9999 xx 000 0 ara d
040 ## - مصدر الفهرسة
وكالة الفهرسة الأصلية GCL /
وكالة النسخ GCL
082 04 - رقم تصنيف ديوى العشرى
رقم التصنيف 610.953071
رقم المادة ز ط
100 1# - المدخل الرئيسى - إسم شخصى
الإسم الشخصى زرهونى نورالدين
245 10 - بيان العنوان
العنوان الطب والخدمات الطبية فى الاندلس :
بقية العنوان خلال القرن السادس الهجرى - الثانى عشر الميلادى /
بيان المسئوليه,etc زرهونى نورالدين
260 ## - PUBLICATION, DISTRIBUTION, ETC. (IMPRINT)
تاريخ النشر أو التوزيع 2006
300 ## - الوصف المادى
التعداد 257 ص ؛
أبعاد الوعاء 24 سم
650 04 - المدخل الاضافى بالموضوع-مصطلح موضوعى
مصطلح موضوعي الاندلس - الاحوال العلمية
650 04 - المدخل الاضافى بالموضوع-مصطلح موضوعى
مصطلح موضوعي الطب - تاريخ - الاندلس
650 04 - المدخل الاضافى بالموضوع-مصطلح موضوعى
مصطلح موضوعي الادوية - تاريخ - الاندلس
650 04 - المدخل الاضافى بالموضوع-مصطلح موضوعى
مصطلح موضوعي المستشفيات - تاريخ - الاندلس
942 ## - عناصر المدخل الإضافي( كوها)
مصدر التصنيف او مخطط الترفيف Dewey Decimal Classification
Koha [default] item type كتاب
260 ## - PUBLICATION, DISTRIBUTION, ETC. (IMPRINT)
-- القاهرة :
-- مؤسسة شباب الجامعة ،
Holdings
حالة التراجع حالة الفقد حالة تلف ليس للاعارة المكان المؤقت الموقع الحالى تاريخ الاكتساب اجمالي اﻻعارات رقم الطلب الباركود تاريخ اخر مشاهدة تاريخ تفعيل السعر نوع وعاء كوها
        مكتبة القاهرة الكبرى مكتبة القاهرة الكبرى 03/26/2014   610.953071\ز ط 17300 03/26/2014 03/26/2014 كتاب
        مكتبة القاهرة الكبرى مكتبة القاهرة الكبرى 03/26/2014   610.953071\ز ط 17301 03/26/2014 03/26/2014 كتاب
        مكتبة القاهرة الكبرى مكتبة القاهرة الكبرى 03/26/2014   610.953071\ز ط 17302 03/26/2014 03/26/2014 كتاب

Powered By

EGPV